[Event "AUTO-INT-113"]
[Site "http://www.queenalice.com/game.php?id=87440"]
[Date "2006.7.19"]
[Round "1"]
[White "mosca"]
[Black "Denisinho"]
[Result "1-0"]
[WhiteElo "1500"]
[BlackElo "1389"]

1. d4 d5 2. c4 dxc4 3. Bf4 Nc6 4. e3 Nf6 5. Bxc4 Bg4 6. f3 Bh5 7. g4 Bg6 8. d5
Nb4 9. Qa4+ c6 10. Qxb4 Nd7 11. dxc6 bxc6 12. a4 Nf6 13. g5 Nd7 14. Qb7 Nc5 15.
Qxc6+ Nd7 16. Bc7 Qc8 17. Bb5 Bf5 18. Nc3 e5 19. Rd1 Bc5 20. e4 Be6 21. Ba6 Rb8
22. Bxc8 Rxc8 23. Qb7 Rxc7 24. Qb5 Ke7 25. Nd5+ Kd6 26. Nxc7+ Kxc7 27. b4 Be3
28. Ne2 Rb8 29. Qa5+ Bb6 30. Qb5 Bf2+ 31. Kxf2 Rxb5 32. axb5 Bc4 33. Nc3 Nb6 34.
Nd5+ Bxd5 35. exd5 Nc4 36. d6+ Kd7 37. Rd5 h6 38. gxh6 gxh6 39. Rc1 Nb6 40. Rc7+
Ke6 41. Rd3 f5 42. d7 Nxd7 43. Rdxd7 e4 44. Rxa7 f4 45. fxe4 h5 46. b6 Ke5 47.
Kf3 h4 48. b7 h3 49. b8=Q+ Ke6 50. Qb6+ Ke5 51. Ra5# 1-0

[Event "AUTO-INT-113"]
[Site "http://www.queenalice.com/game.php?id=87441"]
[Date "2006.7.19"]
[Round "1"]
[White "Denisinho"]
[Black "mosca"]
[Result "0-1"]
[WhiteElo "1431"]
[BlackElo "1493"]

1. d4 d5 2. e3 e6 3. Nf3 Bb4+ 4. c3 Ba5 5. b4 Bb6 6. Ne5 f6 7. Nf7 Kxf7 8. Qh5+
g6 9. Qg4 f5 10. Qg3 Nf6 11. Na3 Nh5 12. Qe5 Nf6 13. Nb5 c6 14. Nd6+ Ke7 15. c4
Qxd6 16. c5 Qxe5 17. dxe5 Bc7 18. exf6+ Kxf6 19. Bb2+ e5 20. f4 h5 21. fxe5+
Bxe5 22. Bxe5+ Kxe5 23. Bd3 b6 24. Rf1 bxc5 25. bxc5 Ba6 26. Bxa6 Nxa6 27. Rd1
Nxc5 28. g3 a5 29. h3 g5 30. Rd4 Rab8 31. g4 hxg4 32. hxg4 fxg4 33. Rxg4 Rb1+
34. Kf2 Rb2+ 35. Kg3 Rb4 36. Rxg5+ Ke4 37. Rf3 Ne6 38. Rgf5 Rg8+ 39. Kf2 Rb2+
40. Kf1 Rxa2 41. Rf6 Ng5 42. Rg3 Ke5 43. Rxc6 d4 44. Rc5+ Ke4 45. exd4 Kxd4 46.
Rcxg5 Rxg5 47. Rxg5 a4 48. Rg4+ Kc5 49. Ke1 a3 50. Kd1 Rf2 51. Ra4 Ra2 52. Kc1
Kb5 53. Ra8 Kb4 54. Rb8+ Kc3 55. Rb1 Rh2 56. Kd1 a2 57. Rc1+ Kd3 58. Ke1 Re2+
59. Kf1 Rc2 60. Rd1+ Kc3 61. Re1 Kb2 62. Rd1 Rc1 63. Rxc1 Kxc1 64. Ke2 a1=Q 65.
Kf3 Qa4 66. Ke3 Kc2 67. Ke2 Qd4 68. Kf3 Kd2 69. Kg2 Qf4 70. Kh3 Ke2 71. Kg2 Qg4+
72. Kh2 Kf2 73. Kh1 Qg2# 0-1

[Event "AUTO-INT-113"]
[Site "http://www.queenalice.com/game.php?id=87452"]
[Date "2006.7.19"]
[Round "1"]
[White "pattmenezes"]
[Black "Denisinho"]
[Result "0-1"]
[WhiteElo "1107"]
[BlackElo "1319"]

1. e4 e5 2. Nf3 d6 3. Nc3 Nc6 4. Bc4 Be6 5. Bxe6 fxe6 6. a4 Nf6 7. b3 g6 8. g4
Nxg4 9. Rg1 Nf6 10. Ba3 Bh6 11. Nh4 Nd4 12. Nb5 Nxe4 13. d3 Qxh4 14. Kf1 Qxf2#
0-1

[Event "AUTO-INT-113"]
[Site "http://www.queenalice.com/game.php?id=87453"]
[Date "2006.7.19"]
[Round "1"]
[White "Denisinho"]
[Black "pattmenezes"]
[Result "1-0"]
[WhiteElo "1382"]
[BlackElo "1091"]

1. d4 d5 2. e3 Nc6 3. Nf3 Nf6 4. Nc3 Bf5 5. Bd3 Bxd3 6. cxd3 g6 7. Qa4 b5 8. Qa6
Nb8 9. Qxb5+ c6 10. Qc5 Na6 11. Qxc6+ Nd7 12. Ne5 f6 13. Nxd7 Qxd7 14. Qxa8+ Kf7
15. e4 dxe4 16. dxe4 Qb5 17. Nxb5 Nb4 18. Bh6 Bxh6 19. Qxh8 Nd3+ 20. Ke2 Nxf2
21. Kxf2 f5 22. Qxh7+ Ke6 23. Qxh6 fxe4 24. Qxg6+ 1-0

[Event "AUTO-INT-113"]
[Site "http://www.queenalice.com/game.php?id=87458"]
[Date "2006.7.19"]
[Round "1"]
[White "Chaplin"]
[Black "Denisinho"]
[Result "0-1"]
[WhiteElo "1232"]
[BlackElo "1359"]

1. e4 e5 2. Nc3 d6 3. Bb5+ c6 4. Bc4 Be6 5. Bxe6 fxe6 6. d3 Nf6 7. Bg5 h6 8.
Bxf6 Qxf6 9. Nge2 Be7 10. O-O g5 11. Ng3 Qf4 12. Nge2 Qf6 13. Ng3 Na6 14. Qe2 d5
15. a3 Nc5 16. b4 Na6 17. b5 cxb5 18. exd5 exd5 19. Nxd5 Qd6 20. Nxe7 Qxe7 21.
Nf5 Qd7 22. Qxe5+ Kf7 23. f4 Rac8 24. Qg7+ Ke8 0-1

[Event "AUTO-INT-113"]
[Site "http://www.queenalice.com/game.php?id=87459"]
[Date "2006.7.19"]
[Round "1"]
[White "Denisinho"]
[Black "Chaplin"]
[Result "1-0"]
[WhiteElo "1362"]
[BlackElo "1321"]

1. d4 f5 2. e3 Nf6 3. Nf3 e6 4. Nc3 Bb4 5. a3 Bxc3+ 6. bxc3 b6 7. Ne5 Bb7 8. h3
d6 9. Nc4 Ne4 10. f3 Ng3 11. Rg1 d5 12. Ne5 Nd7 13. Bb5 a6 14. Bxd7+ Kf8 15. a4
Nh5 16. Ba3+ Kg8 17. Bxe6# 1-0

[Event "Challenge"]
[Site "http://www.queenalice.com/game.php?id=95671"]
[Date "2006.8.14"]
[Round "-"]
[White "Denisinho"]
[Black "Morbid"]
[Result "1-0"]
[WhiteElo "1371"]
[BlackElo "1592"]

1. Nf3 b5 2. Nc3 b4 3. Nd5 c5 4. d4 e6 5. Ne3 c4 6. b3 c3 7. d5 Bb7 8. g3 g5 9.
Nc4 g4 10. Ng5 h6 11. Nxf7 Kxf7 12. f3 Bxd5 13. Ne5+ Ke8 14. Qd4 Bd6 15. Nxg4
Rh7 16. Bf4 Bxf4 17. gxf4 Nc6 18. Qc5 h5 19. Ne3 Qh4+ 20. Kd1 Qxf4 21. Rg1 Qxh2
22. Rxg8+ Kf7 23. Rxa8 Qh1 24. Qf8+ Kg6 25. Qg8+ Kh6 26. Rf8 Qh4 27. f4 Ne7 28.
Ng2 Nxg8 29. Nxh4 Kg7 30. Re8 Nf6 31. Re7+ Kg8 32. Rxh7 Kxh7 33. Bh3 Ne4 34. Ke1
Bc6 35. Rd1 d5 36. Bxe6 Kg7 37. Nf5+ Kf6 38. Nd4 Be8 39. Bxd5 Nd6 40. Rd3 Nf5
41. Nf3 h4 42. Ne5 a5 43. Ng4+ Kg7 44. e4 Bh5 45. Nf2 Nd6 46. Rh3 Nb5 47. Rxh4
Be8 48. Rg4+ Kh6 49. e5 Na3 50. Kd1 Bg6 51. Be4 Bf7 52. e6 Bh5 53. e7 Nb5 54. f5
Nc7 55. f6 Bf7 56. Rh4+ Kg5 57. Rh7 Kxf6 58. Ng4+ Kg5 59. Ne5 Kf4 60. Nxf7 Kxe4
61. Rh4+ Kf5 62. Rh6 Ke4 63. Rc6 Ne8 64. Ra6 Kf5 65. Ra8 Kf6 66. Rxe8 Kxf7 67.
Ra8 Kxe7 68. Rxa5 Kd6 69. Rb5 Kc6 70. Rxb4 Kc5 71. Rc4+ 1-0

[Event "AUTO-INT-192"]
[Site "http://www.queenalice.com/game.php?id=112035"]
[Date "2006.10.1"]
[Round "1"]
[White "CampbellMarcel"]
[Black "Denisinho"]
[Result "1-0"]
[WhiteElo "1858"]
[BlackElo "1391"]

1. e4 Nf6 2. Bc4 Nc6 3. Nf3 Nb4 4. c3 Nc6 5. Bxf7+ Kxf7 6. Ng5+ Ke8 7. d4 e6 8.
e5 Nd5 9. Qf3 Qe7 10. O-O b6 11. Nd2 Qxg5 12. Nc4 Qg6 13. Ne3 Nxe3 14. Bxe3 Ba6
15. Rfe1 Ne7 16. Qxa8+ Nc8 17. Qf3 c6 18. b3 Ne7 19. c4 Nf5 20. c5 Nh4 21. Qh3
Be7 22. Bf4 Rf8 23. Bg3 Nf5 24. Re4 d5 25. Rg4 Qf6 26. exf6 Bxf6 27. Bd6 Be7 28.
Bxe7 Nxe7 29. Rxg7 Nf5 30. Rxh7 bxc5 31. Re1 Bc8 32. Qh5+ Kd8 33. Qg5+ Ke8 34.
g4 Ng7 35. Qxg7 Rf7 36. Qxf7+ Kd8 37. Rh8# 1-0

[Event "AUTO-INT-192"]
[Site "http://www.queenalice.com/game.php?id=112036"]
[Date "2006.10.1"]
[Round "1"]
[White "Denisinho"]
[Black "CampbellMarcel"]
[Result "0-1"]
[WhiteElo "1429"]
[BlackElo "1593"]

1. d4 Nf6 2. e3 d5 3. Nf3 Bg4 4. Nc3 a6 5. h3 Bxf3 6. Qxf3 e6 7. Na4 b5 8. Nc3
Bb4 9. a3 Bxc3+ 10. bxc3 O-O 11. g4 Nbd7 12. g5 Ne4 13. Bd3 Nxc3 14. Bb2 Na4 15.
Bc1 Nc3 16. Qf4 c5 17. Qh4 g6 18. f4 c4 19. Bf1 Qa5 20. Bd2 b4 21. e4 Nxe4 22.
Bxb4 Qa4 23. Ra2 a5 24. Bxf8 Rxf8 25. Bg2 Nc3 26. Rb2 Qxa3 27. Rb7 Qc1+ 28. Kf2
Qxc2+ 29. Kg3 Ne2+ 30. Kg4 Qf5+ 31. Kf3 Nxd4+ 32. Kf2 Nc5 33. Qg3 Nxb7 34. Qe3
Nc2 35. Qe2 Qxf4+ 36. Bf3 Nd4 37. Qe3 Qh4+ 38. Kf1 Nxf3 39. Qxf3 Qxg5 40. h4
Qc1+ 41. Kg2 Qd2+ 42. Kg3 Nd6 43. Rf1 Nf5+ 44. Kg4 h5+ 45. Kh3 Nxh4 46. Qg3 Nf5
47. Qf3 Rb8 48. Rf2 Qg5 49. Rf1 Rb3 50. Qxb3 cxb3 51. Rxf5 Qxf5+ 52. Kg2 b2 53.
Kg3 Qg4+ 54. Kf2 h4 55. Ke1 b1=Q+ 56. Kd2 Qd4+ 57. Ke2 Qdd3+ 58. Kf2 Qb2+ 59.
Kg1 Qd1# 0-1

[Event "AUTO-INT-192"]
[Site "http://www.queenalice.com/game.php?id=112047"]
[Date "2006.10.1"]
[Round "1"]
[White "TainanTomaz"]
[Black "Denisinho"]
[Result "1-0"]
[WhiteElo "1944"]
[BlackElo "1395"]

1. d4 d5 2. c4 c6 3. Nc3 Nf6 4. Nf3 e6 5. Bg5 h6 6. Bh4 g5 7. Bg3 Nbd7 8. e3 Nb6
9. c5 Nc4 10. Bxc4 dxc4 11. O-O b5 12. cxb6 axb6 13. Ne5 Qe7 14. Nxc6 Qd7 15.
Ne5 Qb7 16. a4 Nd7 17. Nxc4 Qc6 18. Qb3 Bb7 19. f3 g4 20. e4 f5 21. Ne5 Nxe5 22.
Bxe5 Rg8 23. Nb5 Rc8 24. Nc7+ Rxc7 25. Bxc7 Qxc7 26. Qxe6+ Qe7 27. Qxg8 Ba6 28.
Rfc1 Kd7 29. Qd5+ Qd6 30. Qxf5+ Kd8 31. d5 Bc8 32. Rxc8+ Ke7 33. Qxf8+ Kd7 34.
Qd8# 1-0

[Event "AUTO-INT-192"]
[Site "http://www.queenalice.com/game.php?id=112048"]
[Date "2006.10.1"]
[Round "1"]
[White "Denisinho"]
[Black "TainanTomaz"]
[Result "0-1"]
[WhiteElo "1393"]
[BlackElo "1946"]

1. d4 Nf6 2. e3 e6 3. Nc3 c5 4. Nf3 d5 5. Bb5+ Nc6 6. Ne5 Bd7 7. Bxc6 Bxc6 8.
Ne2 Bd6 9. Nf3 O-O 10. O-O Qc7 11. c3 Rad8 12. a3 Ne4 13. g3 Rc8 14. b4 c4 15.
a4 a6 16. Ng5 Nxg5 17. f3 b5 18. a5 f5 19. f4 Ne4 20. h4 Qf7 21. g4 fxg4 22. Qe1
Qh5 23. f5 exf5 24. Nf4 Bxf4 25. exf4 g3 26. Ra2 Qxh4 27. Rf3 Rce8 28. Be3 Nf2
29. Rfxf2 gxf2+ 30. Rxf2 Rf6 31. Qf1 Rxe3 32. Rh2 Rg6+ 33. Kh1 Qe1 34. Rf2 Qxf1+
35. Rxf1 Rh3# 0-1

[Event "AUTO-INT-192"]
[Site "http://www.queenalice.com/game.php?id=112053"]
[Date "2006.10.1"]
[Round "1"]
[White "shimrah"]
[Black "Denisinho"]
[Result "1-0"]
[WhiteElo "1498"]
[BlackElo "1361"]

1. d4 Nc6 2. Nf3 Nf6 3. c4 e6 4. Nc3 Bb4 5. Bd2 Bxc3 6. bxc3 Ne4 7. d5 exd5 8.
cxd5 Na5 9. Nd4 Qf6 10. Be3 c5 11. Nb5 Qd8 12. f3 Nf6 13. Bxc5 Nc4 14. Qd3 Nb2
15. Nd6+ Kf8 16. Nxb7+ Ke8 17. Nxd8 Kxd8 18. Qc2 Nc4 19. Qc1 d6 20. Bd4 Nxd5 21.
e4 Ne7 22. Bxc4 Nc6 23. Bxg7 Re8 24. Qg5+ Kc7 25. Bxf7 Re7 26. Qf4 Bd7 27. O-O
Rb8 28. Rad1 Rd8 29. Rxd6 Na5 30. Re6+ Kc8 31. Rxe7 Ba4 32. Qf5+ Kb8 33. Rb1+
Bb3 34. Qxa5 Rd1+ 35. Rxd1 Bxd1 36. Qxa7+ Kc8 37. Qc7# 1-0

[Event "AUTO-INT-192"]
[Site "http://www.queenalice.com/game.php?id=112054"]
[Date "2006.10.1"]
[Round "1"]
[White "Denisinho"]
[Black "shimrah"]
[Result "0-1"]
[WhiteElo "1368"]
[BlackElo "1487"]

1. d4 d5 2. e3 Nc6 3. Nc3 e6 4. Nf3 Bd6 5. a3 Nge7 6. g3 f6 7. b4 e5 8. Bb5 a6
9. Bxc6+ bxc6 10. Na4 e4 11. Nh4 a5 12. bxa5 Rxa5 13. Nc3 h5 14. Ne2 g5 15. Ng2
Bh3 16. Rg1 c5 17. dxc5 Bxc5 18. c3 O-O 19. c4 c6 20. Nc3 Bb4 21. Bb2 h4 22.
axb4 Ra8 23. b5 cxb5 24. Nxb5 Bg4 25. Qc1 dxc4 26. Nc3 Nd5 27. Nxe4 Qd7 28. Ba3
Rfb8 29. f4 h3 30. Nh4 Kg7 0-1

[Event "AUTO-INT-202"]
[Site "http://www.queenalice.com/game.php?id=115001"]
[Date "2006.10.9"]
[Round "1"]
[White "jochigol1802"]
[Black "Denisinho"]
[Result "1-0"]
[WhiteElo "1666"]
[BlackElo "1395"]

1. e4 Nf6 2. e5 Nd5 3. d4 Nb4 4. Nf3 d5 5. Nc3 Bg4 6. h3 Bxf3 7. Qxf3 Nxc2+ 8.
Kd1 Nxa1 9. Nxd5 Nc6 10. Bd3 Nxd4 11. Qe4 c5 12. Bf4 e6 13. Nc3 f5 14. exf6 gxf6
15. Kd2 Nac2 16. Bxc2 Nf5+ 17. Kc1 Nh4 18. Nb5 e5 19. Bg3 Ng6 20. Qc4 Bh6+ 21.
Kb1 Ne7 22. Rd1 Qb6 23. Bb3 Rf8 24. Nd6+ Kd8 25. Nf5+ Kc7 26. Nxh6 a5 27. f4 Rf7
28. Nxf7 Nc6 29. fxe5 fxe5 30. Nxe5 Nxe5 31. Bxe5+ Kc6 32. Rd6+ Kc7 33. Rxb6+
Kxb6 34. Qe6+ Kb5 35. a4+ Kb4 36. Bc3# 1-0

[Event "AUTO-INT-202"]
[Site "http://www.queenalice.com/game.php?id=115002"]
[Date "2006.10.9"]
[Round "1"]
[White "Denisinho"]
[Black "jochigol1802"]
[Result "0-1"]
[WhiteElo "1371"]
[BlackElo "1686"]

1. d4 d5 2. e3 Nf6 3. f3 Nc6 4. c3 b6 5. Bb5 Bb7 6. e4 dxe4 7. d5 Qxd5 8. Bxc6+
Bxc6 9. fxe4 Qxd1+ 10. Kxd1 Bxe4 11. Ne2 Bxg2 12. Rg1 Bf3 13. Nd2 O-O-O 14. Re1
e5 15. Rf1 e4 16. b4 g5 17. c4 Ng4 18. Rxf3 exf3 19. Ng3 Bxb4 20. a3 Bxd2 21.
Bxd2 Rhe8 22. h3 f2 23. Kc2 Ne3+ 24. Kc3 Nxc4 25. Bxg5 Re1 26. Ra2 Rd5 27. Bh6
Rc5 28. Rxf2 Nd6+ 29. Kd2 Re6 30. Nh5 Ne4+ 31. Ke2 Nxf2+ 32. Kxf2 Rxh6 33. Nf4
Rf5 34. Kg3 Rxf4 35. Kxf4 Rxh3 36. a4 Ra3 37. Kf5 Rxa4 38. Kf6 b5 39. Kxf7 b4
40. Kg7 b3 41. Kxh7 b2 42. Kg6 Rf4 0-1

[Event "AUTO-INT-202"]
[Site "http://www.queenalice.com/game.php?id=115017"]
[Date "2006.10.9"]
[Round "1"]
[White "Alcar"]
[Black "Denisinho"]
[Result "0-1"]
[WhiteElo "1605"]
[BlackElo "1405"]

1. b3 d5 2. Bb2 e6 3. d4 Qf6 4. Nf3 Nh6 5. e3 c6 6. Nbd2 b5 7. c4 bxc4 8. bxc4
Nd7 9. Nb3 Bb4+ 10. Nfd2 Qf5 11. Be2 Nf6 12. a3 Bxd2+ 13. Qxd2 Ne4 14. Bd3 Nxd2
15. Bxf5 Nxb3 16. Rb1 Nxf5 17. O-O Nd2 18. cxd5 Nxb1 19. Rxb1 Rb8 20. Kf1 Ba6+
21. Ke1 Bd3 22. Rc1 Rxb2 23. Rxc6 Ne7 24. Rc7 Rb1+ 25. Kd2 Rb3 26. Rxa7 Nc8 27.
Rc7 Ba6 28. dxe6 fxe6 29. Rxg7 Rxa3 30. Rc7 Kd8 31. Rc2 Re8 32. h4 Re7 33. g3
Rc7 34. Rxc7 Kxc7 0-1

[Event "AUTO-INT-202"]
[Site "http://www.queenalice.com/game.php?id=115018"]
[Date "2006.10.9"]
[Round "1"]
[White "Denisinho"]
[Black "Alcar"]
[Result "0-1"]
[WhiteElo "1417"]
[BlackElo "1524"]

1. d4 e6 2. e3 d5 3. c3 Nf6 4. Nf3 Nc6 5. b4 a6 6. a3 b5 7. g3 Ne4 8. Qe2 Bd7 9.
Nh4 Be7 10. Nf3 O-O 11. h4 h6 12. Nh2 e5 13. f3 Nxg3 14. Qg2 Nxh1 15. Qxh1 Bxh4+
16. Kd1 exd4 17. cxd4 Re8 18. Nc3 Ne7 19. Bd3 Nf5 20. Bxf5 Bxf5 21. e4 dxe4 22.
fxe4 Qxd4+ 23. Bd2 Bg4+ 24. Nf3 Qd3 25. Qxh4 Bxf3+ 26. Kc1 Qf1+ 27. Qe1 Qxe1+
28. Bxe1 Rad8 29. Ra2 Bxe4 30. Re2 Bf3 31. Rxe8+ Rxe8 32. Bg3 c6 33. Nb1 Rd8 34.
Nd2 Bg4 35. Ne4 f5 36. Nd6 Kf8 37. Nb7 Rd3 38. Nc5 Rxg3 39. Nxa6 Rxa3 40. Nc7
Kf7 41. Kb2 Re3 42. Na6 f4 43. Nc5 f3 44. Kc1 f2 45. Kd2 Re8 46. Nd3 f1=Q 47.
Kc3 Qa1+ 48. Kb3 Bd1# 0-1

[Event "Challenge"]
[Site "http://www.queenalice.com/game.php?id=120209"]
[Date "2006.10.23"]
[Round "-"]
[White "Denisinho"]
[Black "Morbid"]
[Result "1-0"]
[WhiteElo "1371"]
[BlackElo "1611"]

1. d4 e6 2. c3 Nf6 3. e3 b6 4. f4 Ba6 5. Bxa6 Nxa6 6. a3 Ne4 7. Nh3 Qh4+ 8. g3
Nxg3 9. Rg1 Ne2+ 10. Rg3 Qxg3+ 11. hxg3 Nxg3 12. Qd3 Nb8 13. Ng5 g6 14. Ne4 Nf5
15. Nf6+ Ke7 16. Qe4 c6 17. Qe5 d6 18. Nd5+ Ke8 19. Nc7+ Kd7 20. Qxh8 Bg7 21.
Qe8+ Kxc7 22. Qxf7+ Nd7 23. e4 Rf8 24. Qxe6 Ng3 25. e5 dxe5 26. fxe5 Rf1+ 27.
Kd2 Bh6+ 28. Kd3 Bxc1 29. Qd6+ Kd8 30. e6 Nf5 31. Qxd7# 1-0

[Event "eu de brancas"]
[Site "http://www.queenalice.com/game.php?id=143511"]
[Date "2006.12.19"]
[Round "-"]
[White "Morbid"]
[Black "Denisinho"]
[Result "1-0"]
[WhiteElo "1547"]
[BlackElo "1405"]

1. e4 Nf6 2. e5 Ne4 3. f3 Nc5 4. d4 Na4 5. b3 Nb6 6. c4 e6 7. a4 d6 8. a5 N6d7
9. h4 dxe5 10. dxe5 Nxe5 11. Qxd8+ Kxd8 12. f4 Nec6 13. Bd2 f6 14. b4 Nd4 15.
Bd3 e5 16. Ne2 Nb3 17. Ra3 Nd4 18. fxe5 fxe5 19. Bg5+ Be7 20. Bxe7+ Kxe7 21. O-O
Nbc6 22. Nxd4 exd4 23. Rb3 Be6 24. b5 Ne5 25. Rd1 Rhf8 26. Rb4 Rf6 27. c5 Bg4
28. Bc2 Bxd1 29. Bxd1 Nd3 30. Rxd4 Nxc5 31. Rd5 Ne4 32. Bf3 Ng3 33. Kh2 Nf5 34.
Re5+ Kf8 35. Bxb7 Rb8 36. a6 Re8 37. Rc5 Ne3 38. g3 Nf1+ 39. Kh3 Rg6 40. Kg2
Ne3+ 41. Kh3 Rg4 42. Rxc7 Rd8 43. Bf3 Rg5 44. hxg5 Re8 45. Rxa7 Re6 46. g4 Re5
47. Kh4 Rxb5 48. Rb7 Ra5 49. a7 h6 50. Rb8+ Ke7 51. a8=Q Rxa8 52. Rxa8 hxg5+ 53.
Kxg5 Nc4 54. Bd5 Nb6 55. Ra7+ Kd6 56. Be4 Nc8 57. Rxg7 Ke5 58. Bf3 Nd6 59. Kh5
Ne8 60. Rg5+ Kf6 61. Nc3 Nd6 62. Ne4+ Nxe4 63. Bxe4 Ke7 64. Rd5 Kf6 65. g5+ Kf7
66. Re5 Kf8 67. Bd5 Kg7 68. g6 Kf6 69. Re4 Kg7 70. Rf4 Kh8 71. Rf8+ Kg7 72. Re8
Kf6 73. Kh6 Kf5 74. g7 Kf4 75. g8=Q Kf5 76. Qf8+ Kg4 77. Qf3+ Kh4 78. Re4# 1-0

[Event "vc de brancas"]
[Site "http://www.queenalice.com/game.php?id=143512"]
[Date "2006.12.19"]
[Round "-"]
[White "Denisinho"]
[Black "Morbid"]
[Result "1-0"]
[WhiteElo "1408"]
[BlackElo "1595"]

1. b3 e5 2. Nc3 Qf6 3. Ne4 Qh4 4. d3 d5 5. Nc3 d4 6. Nd5 Bd6 7. g3 Qh5 8. Ba3
Be6 9. e3 Bxd5 10. Qxh5 g6 11. Qe2 Bxa3 12. e4 Bb2 13. Rb1 Bc3+ 14. Kd1 Be6 15.
h3 Nc6 16. f4 f6 17. fxe5 fxe5 18. Nf3 h6 19. g4 Nb4 20. Nxe5 g5 21. a3 Nc6 22.
Ng6 Rh7 23. e5 Rg7 24. Nh8 Nge7 25. Bg2 O-O-O 26. Bxc6 Rxh8 27. Ba4 Bd5 28. Rf1
a6 29. b4 b5 30. Bb3 Bxb3 31. cxb3 Nc6 32. Rf6 Kb7 33. e6 a5 34. bxa5 Bxa5 35.
b4 Bb6 36. Rc1 h5 37. Qc2 Ne7 38. Qg2+ c6 39. gxh5 Rxh5 40. Qf3 Rhh7 41. Rf8 Bc7
42. Qe4 Rxh3 43. Qxd4 Rg6 44. Qd7 Rh1+ 45. Kd2 Rh7 46. d4 Rgg7 47. a4 Nd5 48.
Qxc6+ Ka7 49. Ra8# 1-0

[Event "Challenge"]
[Site "http://www.queenalice.com/game.php?id=145315"]
[Date "2006.12.23"]
[Round "-"]
[White "juleba"]
[Black "Denisinho"]
[Result "1-0"]
[WhiteElo "1521"]
[BlackElo "1420"]

1. e4 Nf6 2. e5 Ne4 3. d3 Nc5 4. d4 Ne4 5. Qg4 Nxf2 6. Kxf2 g6 7. Bc4 e6 8. Ne2
h5 9. Qf3 Nc6 10. Rf1 a6 11. Kg1 b5 12. Qxf7# 1-0